Guster Songs - Statistics

General Stats
  • This quiz has been taken 3 times
  • The average score is 53 of 116
Answer Stats
Hint Answer % Correct
Keep It Together Amsterdam
100%
Keep It Together Careful
100%
Ganging Up On the Sun Dear Valentine
100%
Keep It Together Diane
100%
Ganging Up On the Sun Hang On
100%
Keep It Together Homecoming King
100%
Keep It Together Keep It Together
100%
Ganging Up On the Sun Manifest Destiny
100%
Goldfly Medicine
100%
Ganging Up On the Sun One Man Wrecking Machine
100%
Keep It Together Ramona
100%
Goldfly Rocketship
100%
Ganging Up On the Sun Ruby Falls
100%
Ganging Up On the Sun Satellite
100%
Ganging Up On the Sun The New Underground
100%
Keep It Together Two at a Time
100%
Lost and Gone Forever Barrel of a Gun
67%
Lost and Gone Forever Center of Attention
67%
Keep It Together Come Downstairs and Say Hello
67%
Lost and Gone Forever Fa Fa
67%
Lost and Gone Forever Happier
67%
Keep It Together I Hope Tomorrow is Like Today
67%
Lost and Gone Forever I Spy
67%
Ganging Up On the Sun Lightning Rod
67%
Keep It Together Red Oyster Cult
67%
Keep It Together Silence
67%
Lost and Gone Forever Two Points for Honesty
67%
Lost and Gone Forever What You Wish For
67%
Goldfly Airport Song
33%
Ooh La La All Day
33%
Lost and Gone Forever All the Way Up to Heaven
33%
Easy Wonderful Architects & Engineers
33%
Keep It Together Backyard
33%
Easy Wonderful Bad Bad World
33%
Ooh La La Black Balloon
33%
Goldfly Bury Me
33%
Ganging Up On the Sun C'mon
33%
Parachute Cocoon
33%
Goldfly Demons
33%
Parachute Dissolve
33%
Evermotion Doin' It By Myself
33%
Look Alive Don't Go
33%
Easy Wonderful Do What You Want
33%
Easy Wonderful Do You Love Me
33%
Parachute Eden
33%
Lost and Gone Forever Either Way
33%
Ganging Up On the Sun (Extended) Emily Ivory
33%
Ganging Up On the Sun Empire State
33%
Ooh La Luxe Enchante
33%
Evermotion Endlessly
33%
Evermotion Expectation
33%
Parachute Fall in Two
33%
Evermotion Farewell
33%
Evermotion Gangway
33%
Ooh La La Gauguin, Cezanne (Everlasting Love)
33%
Goldfly Getting Even
33%
Ganging Up On the Sun (Extended) G Major
33%
Goldfly Great Escape
33%
Goldfly Grin
33%
Parachute Happy Frappy
33%
Look Alive Hard Times
33%
Look Alive Hello Mister Sun
33%
Easy Wonderful Hercules
33%
Ganging Up On the Sun (Extended) I'm Through
33%
Evermotion It Is Just What It IS
33%
Ooh La Luxe It's Wild
33%
Easy Wonderful Jesus & Mary
33%
Keep It Together Jesus on the Radio
33%
Easy Wonderful (Deluxe) Jonah
33%
Ooh La La Keep Going
33%
Evermotion Kid Dreams
33%
Evermotion Lazy Love
33%
Evermotion Long Night
33%
Keep It Together Long Way Down
33%
Look Alive Look Alive
33%
Easy Wonderful (Deluxe) Lost At Sea
33%
Parachute Love for Me
33%
Ooh La La Maybe We're Alright
33%
Goldfly Melanie
33%
Look Alive Mind Kontrol
33%
Parachute Mona Lisa
33%
Ooh La La My Kind
33%
Evermotion Never Coming Down
33%
Look Alive Not for Nothing
33%
Guster On Ice (Nothing But) Flowers
33%
Ganging Up On the Sun (Extended) On My Own
33%
Easy Wonderful On The Ocean
33%
Look Alive Overexcited
33%
Parachute Parachute
33%
Goldfly Perfect
33%
Lost and Gone Forever Rainy Day
33%
Ganging Up On the Sun (Extended) Rise and Shine
33%
Parachute Scars & Stitches
33%
Evermotion Simple Machine
33%
Lost and Gone Forever So Long
33%
Ganging Up On the Sun (Extended) Sorority Tears
33%
Easy Wonderful Stay With Me Jesus
33%
Look Alive Summertime
33%
Look Alive Terrified
33%
Easy Wonderful That's No Way To Get To Heaven
33%
Ganging Up On the Sun The Beginning of the End
33%
Ganging Up On the Sun The Captain
33%
Ooh La La The Elevator
33%
Parachute The Prize
33%
Ganging Up On the Sun (Extended) The Sun Shines Down on Me
33%
Easy Wonderful This Could All Be Yours
33%
Ooh La La This Heart Is Occupied
33%
Easy Wonderful This Is How It Feels To Have A Broken Heart
33%
Ganging Up On the Sun (Extended) This Wheel's on Fire
33%
Ganging Up On the Sun (Extended) Timothy Leary
33%
Easy Wonderful (Deluxe) Well
33%
Easy Wonderful What You Call Love
33%
Ooh La La When We Were Stars
33%
Parachute Window
33%
Ooh La La Witness Tree
33%
Goldfly X-Ray Eyes
33%
No matching quizzes found
Score Distribution
Percent of People with Each Score
Percentile by Number Answered
Your Score History
You have not taken this quiz